000 00340nam a2200133 i 4500
001 bg
100 1 _aMIRONIUK, Jolanta.
245 0 _aZarys wybranych zagadnień z historii filozofii.
_nCz.2 /
_cJolanta Mironiuk.
260 _aGdynia,
_c1983.
040 _cBPK
041 _apol
942 _cKS
008 s pl f |000 0 pol
999 _c22121
_d22121
856 _uhttp://koha.tu.koszalin.pl/cgi-bin/koha/opac-detail.pl?biblionumber=22121
_yKatalog online BPK